zpět

Detail výsledku týmu

Stodola, Olomouc

Datum a čas kvízu

42 Celkem bodů Celkový počet nahraných bodů na tomto kvízu bez doplňovacích otázek.
1. Pořadí na kvízu Konečné umístění týmu na tomto kvízu.

Zaznamenané odpovědi

# Otázka Odpověď Body Výsledky
1. Ve čtvrtek 23. 4. si Česko při... bez spěchu 1
2. Minulý týden jsme se dozvěděli... penisy 1
3. Plaketu věnovanou které filmov... Otíkovi 1
4. Který unikátní předmět z Titan... záchranná vesta 1
5. V sobotu se v pražské O2 areně... Mladá Boleslav, Brno 1
6. Vědci v minulosti několikrát t... D) 1
7. Světová zdravotnická organizac... o Rumunsko 0
8. V červenci 2025 Senát schválil... 3 (2 a 4 za půl bodu) 1
9. Na které z fotografií se nachá... A) 1
10. Tinktura z opia se v minulosti... laudanum 0